MLB Teams by Instagram Followers - Statistics

General Stats
  • This quiz has been taken 5 times
  • The average score is 9 of 30
Answer Stats
Follower Team % Correct
5.900.000 Los Angeles Dodgers
100%
1.800.000 New York Mets
100%
1.900.000 Atlanta Braves
67%
2.400.000 Boston Red Sox
67%
2.000.000 Chicago Cubs
67%
1.700.000 Houston Astros
67%
4.200.000 New York Yankees
67%
1.500.000 San Diego Padres
67%
1.700.000 San Francisco Giants
67%
2.300.000 Toronto Blue Jays
67%
563.000 Athletics
33%
570.000 Colorado Rockies
33%
1.100.000 Detroit Tigers
33%
547.000 Tampa Bay Rays
33%
696.000 Arizona Diamondbacks
0%
778.000 Baltimore Orioles
0%
700.000 Chicago White Sox
0%
810.000 Cincinnati Reds
0%
769.000 Cleveland Guardians
0%
1.000.000 Kansas City Royals
0%
1.200.000 Los Angeles Angels
0%
806.000 Miami Marlins
0%
740.000 Milwaukee Brewers
0%
602.000 Minnesota Twins
0%
1.400.000 Philadelphia Phillies
0%
867.000 Pittsburgh Pirates
0%
1.100.000 Seattle Mariners
0%
1.100.000 St. Louis Cardinals
0%
1.000.000 Texas Rangers
0%
729.000 Washington Nationals
0%
No matching quizzes found
Score Distribution
Percent of People with Each Score
Percentile by Number Answered
Your Score History
You have not taken this quiz